| 000 | 00589nam#a2200229#c#4500 | ||
|---|---|---|---|
| 003 | IEF | ||
| 005 | 20180219150548.0 | ||
| 008 | 941205s1984 uuu####fr####| 0||u| |u | ||
| 020 | _a007025186X | ||
| 040 | _aIEF | ||
| 100 | 1 |
_aGujarati, Damodar N. _93817 |
|
| 245 | _aGovernment and Business | ||
| 260 |
_aNew York [etc.] _b MacGraw-Hill Book _c1984 |
||
| 300 |
_a536 p. _c 24 cm. |
||
| 500 | _aBibliografía. -- Indices | ||
| 650 | 4 |
_aESTADOS UNIDOS _942888 |
|
| 650 | 4 |
_aPOLITICA INDUSTRIAL _948060 |
|
| 650 | 4 |
_aINDUSTRIA _947463 |
|
| 942 | _cLIB | ||
| 942 | _z32554 | ||
| 999 |
_c8583 _d8583 |
||